000 00465nam a2200193Ia 4500
005 20240823051204.0
008 240823s9999||||xx |||||||||||||| ||und||
020 _a978-81-264-3492-3
041 _aMALAYALAM
082 _A823.0872 Q2
100 _aErle Stanley Gardner
245 4 _aThe case of the Long Legged Models
250 _a1st
260 _c2012
_b"D C Books,Kot"
500 _aYES
650 _aGeneral
_bGeneral
942 _cBK
999 _c218999
_d218999